[Event "19th Open"]
[Site "Reykjavik ISL"]
[Date "2000.04.09"]
[Round "5"]
[White "Naes,F"]
[Black "Palsson,H"]
[Result "1-0"]
[WhiteElo "2257"]
[BlackElo "2182"]

1.Nf3 d5 2.g3 c5 3.Bg2 Nc6 4.d3 Nf6 5.O-O g6 6.Nbd2 Bg7 7.e4 O-O 8.Re1 e6
9.Qe2 b6 10.Nf1 h6 11.h4 Bb7 12.e5 Nd7 13.Bf4 Qc7 14.N1h2 Rfe8 15.Ng4 h5
16.Nh6+ Bxh6 17.Bxh6 d4 18.Bf4 Ne7 19.Kh2 Bxf3 20.Bxf3 Rac8 21.Rg1 Kg7 22.Rae1 Rh8
23.Bg2 Nf5 24.Qe4 Ne7 25.Re2 Qc6 26.Qxc6 Nxc6 27.Kh3 Ne7 28.Bg5 Nf5 29.f3 Rc7
30.Bh1 c4 31.g4 hxg4+ 32.fxg4 Nxh4 33.Kg3 Rh7 34.Bxh4  1-0

[Event "19th Open"]
[Site "Reykjavik ISL"]
[Date "2000.04.10"]
[Round "6"]
[White "Markowski,T"]
[Black "Ehlvest,J"]
[Result "1/2-1/2"]
[WhiteElo "2531"]
[BlackElo "2622"]

1.g3 d5 2.Nf3 Nf6 3.Bg2 e6 4.c4 dxc4 5.Qa4+ Nbd7 6.Qxc4 c5 7.d3 Bd6 8.Qb3 Rb8
9.a4 b6 10.Nc3 a6 11.Nd2 O-O 12.Nc4 Bc7 13.O-O Qe7 14.Bd2 Rd8 15.f4 Nf8 16.Ne5 Bxe5
17.fxe5 Ng4 18.Ne4 h6 19.a5 b5 20.Qc3 Nd7 21.Rac1 b4 22.Qc2 Ngxe5 23.Nxc5 Rb5
24.Nxd7 Bxd7 25.Qc7 Qe8 26.Bb7 Ng4 27.Rc4 Nf6 28.Rxf6 gxf6 29.Rg4+ Kh7 30.Qf4 Rg5
31.Rxg5 fxg5 32.Qf6 Rb8 33.Be4+ Kg8 34.Qxh6 f5 35.Qxg5+ Kh8 36.Qh6+ Kg8 37.Qg5+ Kh7
38.Bf3 Qf8 39.Qh5+ Kg8 40.Bf4 Rb5 41.d4 Be8 42.Qg5+ Qg7 43.Qd8 Qd7 44.Qf6 Qf7
45.Qh4 Qh7 46.Qd8 Qd7 47.Qf6 Qf7 48.Qh6 Qg6 49.Qh4 Qh7 50.Qf6  1/2-1/2

[Event "73rd City-ch"]
[Site "St Petersburg RUS"]
[Date "2000.04.10"]
[Round "8"]
[White "Loginov,Va"]
[Black "Lugovoi,A"]
[Result "1/2-1/2"]
[WhiteElo "2512"]
[BlackElo "2515"]

1.Nf3 d5 2.g3 c6 3.Bg2 Bg4 4.c4 e6 5.cxd5 Bxf3 6.Bxf3 cxd5 7.Nc3 Nc6 8.O-O Nf6
9.d3 Be7 10.Bd2 O-O 11.Bg2 Qd7 12.a3 Rab8  1/2-1/2

[Event "19th Open"]
[Site "Reykjavik ISL"]
[Date "2000.04.11"]
[Round "7"]
[White "Naes,F"]
[Black "Fridjonsson,J"]
[Result "1-0"]
[WhiteElo "2257"]
[BlackElo "2191"]

1.Nf3 d5 2.g3 Nf6 3.Bg2 c5 4.O-O Nc6 5.d4 e6 6.c4 cxd4 7.cxd5 Nxd5 8.Nxd4 Bd7
9.Nf5 exf5 10.Bxd5 Be7 11.Nc3 O-O 12.Be3 Bf6 13.Rc1 Qa5 14.Qb3 Nb4 15.Rfd1 Bc6
16.Bxc6 bxc6 17.Rd7 Bxc3 18.Qxc3 Qb5 19.a3 Nd5 20.Qxc6 Qxc6 21.Rxc6 Nxe3
22.fxe3 a5 23.Rcc7 Rab8 24.Rb7 Rxb7 25.Rxb7 Ra8 26.a4 g6 27.Kf2 Kg7 28.Rb6 Ra7
29.Ke1 Kh6 30.Rb5 Kg5 31.h3 Re7 32.Rxa5 Rxe3 33.Kf2 Re4 34.b3 h5 35.Rb5 h4
36.g4 Rf4+ 37.Ke1 Re4 38.Kf2 Rf4+ 39.Kg2 Re4 40.gxf5 gxf5 41.Kf2 Rf4+ 42.Ke1 Re4
43.a5 Kf4 44.Kf2  1-0

[Event "Women's Open"]
[Site "St Petersburg RUS"]
[Date "2000.04.11"]
[Round "5"]
[White "Gassij,O"]
[Black "Idrisova,R"]
[Result "1-0"]
[WhiteElo "2095"]
[BlackElo "2139"]

1.Nf3 d5 2.g3 Nf6 3.Bg2 Bf5 4.O-O e6 5.d3 Be7 6.Nbd2 O-O 7.Re1 h6 8.c3 Nbd7
9.e4 Bh7 10.e5 Ne8 11.d4 c5 12.Nf1 Rb8 13.h4 b5 14.N3h2 Nc7 15.Ng4 f5 16.exf6 Nxf6
17.Bf4 Nxg4 18.Qxg4 Bf5 19.Qe2 Rb6 20.Ne3 cxd4 21.Bxc7 Qxc7 22.Nxd5 exd5
23.Bxd5+ Kh7 24.Qxe7 Qxe7 25.Rxe7 Rd6 26.Re5 dxc3 27.bxc3 Rfd8 28.Bb3 Bd3
29.Rae1 a5 30.Rc5 a4 31.Bf7 R6d7 32.Be8 Rb7 33.Bc6 Rbb8 34.Ree5 Bc4 35.Bxb5 Bxb5
36.Rxb5 Rxb5 37.Rxb5 Rd2 38.Kg2 Rxa2 39.Ra5 Rc2 40.Rxa4 Rxc3 41.Ra6 Rb3 42.Ra7 Rc3
43.h5 Rc5 44.g4 Rc4 45.Kg3 Rb4 46.Rf7 Kg8 47.Rf4 Rb3+ 48.f3 Ra3 49.Re4 Kf7
50.Kf4 Rb3 51.Re3 Rb4+ 52.Kf5 Rb5+ 53.Re5 Rb6 54.f4 Rb2 55.Ra5 Rb6 56.g5 hxg5
57.fxg5 Rb8 58.Ra7+ Kf8 59.Kg6 Rb5 60.Rf7+ Kg8 61.Rxg7+ Kh8 62.Rf7 Kg8 63.Rf6 Ra5
64.Rc6 Ra8 65.h6 Rb8 66.Kh5 Rb5 67.Kg6 Rb8 68.Kf6 Rf8+ 69.Ke7 Rf7+ 70.Ke6 Rf1
71.Rc5 Kh7 72.Rc7+ Kg8 73.Rg7+ Kh8 74.Rf7 Re1+ 75.Kf6 Re8 76.g6 Ra8 77.g7+ Kh7
78.Rf8 Rxf8+ 79.gxf8=R  1-0

[Event "Open"]
[Site "Dos Hermanas ESP"]
[Date "2000.04.12"]
[Round "6"]
[White "Garcia Luque,A"]
[Black "Cifuentes Parada,R"]
[Result "0-1"]
[WhiteElo "2333"]
[BlackElo "2483"]

1.Nf3 d5 2.g3 Nf6 3.Bg2 g6 4.O-O Bg7 5.d3 O-O 6.Nbd2 d4 7.a4 c5 8.Ra3 Nc6
9.c3 Nd5 10.Qc2 b6 11.Nc4 Ba6 12.Bd2 Qd7 13.Rfa1 Rac8 14.Be1 e5 15.Nfd2 Rfd8
16.Ne4 Qe7 17.Qb3 Nc7 18.Ned2 Ne6 19.Qa2 Kh8 20.Rb3 h5 21.Rb5 h4 22.Ne4 hxg3
23.hxg3 f5 24.Nxb6 axb6 25.Rxb6 fxe4 26.Rxa6 Ng5 27.Bd2 e3 28.Rxc6 Rxc6 29.Bxc6 Qf6
30.fxe3 Qxc6 31.e4 Bh6 32.Bxg5 Bxg5 33.Qc4 Rf8 34.Kg2 Qf6 35.Qxc5 Kg7 36.Qc7+ Rf7
37.Qb8 Qf2+ 38.Kh3 Bf4 39.gxf4 Qe3+ 40.Kg2 Qxe2+ 41.Kh1 Qf3+ 42.Kg1 Qxf4
43.cxd4 Qg4+ 44.Kh1 Rf2 45.Qxe5+ Kh7 46.Qh2+ Rxh2+ 47.Kxh2 g5 48.a5 Qe2+
49.Kg3 Qe3+ 50.Kg4 Qf4+ 51.Kh3 Qf3+ 52.Kh2 g4 53.Kg1 g3 54.Rf1 Qe2  0-1

[Event "Women's Open"]
[Site "St Petersburg RUS"]
[Date "2000.04.14"]
[Round "8"]
[White "Filichkina,S"]
[Black "Ovchinikova,J"]
[Result "1-0"]
[WhiteElo "2268"]
[BlackElo "2221"]

1.Nf3 d5 2.g3 Bg4 3.Bg2 Nd7 4.c4 e6 5.O-O dxc4 6.Qa4 c6 7.Qxc4 Bxf3 8.exf3 Nb6
9.Qe2 Bc5 10.Nc3 Ne7 11.d4 Bxd4 12.Rd1 Nf5 13.Be3 c5 14.Ne4 Qe7 15.g4 Nd6
16.Bxd4 cxd4 17.Rxd4 Nxe4 18.Qb5+ Kf8 19.fxe4 e5 20.Rd3 h5 21.a4 Rh6 22.a5 a6
23.axb6 hxg4 24.Qd7 Rxb6 25.Rc1 Qxd7 26.Rxd7 g6 27.Rcc7 Rf6 28.Bf1 b5 29.Be2 Rf4
30.Bd1 Kg7 31.Bb3 Rf8 32.Bd5 a5 33.Kg2 a4 34.Rb7 Kh6 35.Rxf7 R8xf7 36.Rxf7 Rxf7
37.Bxf7 b4 38.Be8 a3 39.bxa3 bxa3 40.Bf7 Kh5 41.Kg3 Kg5 42.Bd5 Kh5 43.h3 gxh3
44.Kxh3 Kg5 45.Kg3 Kh5 46.f4 exf4+ 47.Kxf4 Kh4 48.e5 g5+ 49.Ke3  1-0

[Event "Schloss Open"]
[Site "Werther GER"]
[Date "2000.04.16"]
[Round "5"]
[White "Kaid,A"]
[Black "Schnur,G"]
[Result "1-0"]
[WhiteElo "2248"]
[BlackElo "2111"]

1.Nf3 d5 2.g3 e6 3.Bg2 Nf6 4.c4 c5 5.O-O Nc6 6.d4 Be7 7.cxd5 exd5 8.Nc3 O-O
9.Be3 cxd4 10.Nxd4 Bg4 11.h3 Be6 12.Rc1 Qd7 13.Kh2 Ne5 14.Nxe6 fxe6 15.Qa4 Nc4
16.Qxd7  1-0

[Event "ch-FAI"]
[Site "Oyrabakki FAI"]
[Date "2000.04.17"]
[Round "3"]
[White "Naes,F"]
[Black "Rodgaard,J"]
[Result "1/2-1/2"]
[WhiteElo "2257"]
[BlackElo "2362"]

1.Nf3 d5 2.g3 Nf6 3.Bg2 c6 4.O-O Bg4 5.d3 Nbd7 6.b3 e5 7.Bb2 Bd6 8.Nbd2 O-O
9.e4 Re8 10.h3 Bh5 11.Re1 d4 12.Kh2 a5 13.Rg1 Nf8 14.Bh1 Bxf3 15.Nxf3 a4
16.Nh4 g6 17.Qd2 Ne6 18.Raf1 axb3 19.axb3 Ra2 20.Ra1 Rxa1 21.Rxa1 Qe7 22.Ra4 b5
23.Ra6 Qb7 24.Qa5 Bc5  1/2-1/2

[Event "ch-URU"]
[Site "Montevideo URU"]
[Date "2000.04.18"]
[Round "4"]
[White "Izquierdo,D"]
[Black "Pichuaga,J"]
[Result "1/2-1/2"]
[WhiteElo "2283"]
[BlackElo "2144"]

1.Nf3 d5 2.g3 Nf6 3.Bg2 c6 4.O-O Bg4 5.d3 Nbd7 6.Nbd2 e5 7.e4 dxe4 8.dxe4 Be7
9.b3 O-O 10.Bb2 Qc7 11.h3 Bxf3 12.Qxf3 Nc5 13.Nc4 Nfd7 14.Rad1 b5 15.Ne3 g6
16.h4 Nf6 17.Ng4 Nxg4 18.Qxg4 h5 19.Qf3 Ne6 20.Bh3 Nd4 21.Bxd4 exd4 22.Rxd4 Rad8
23.Rfd1 Rxd4 24.Rxd4 Rd8 25.Rxd8+ Bxd8 26.Qd3 Bf6 27.Kg2 Qb6 28.Bd7 b4 29.Be8 Qc7
30.Qc4 c5 31.f4 Bd4 32.Qd5 Qe7 33.Bb5 Kg7 34.Bc4 Bc3 35.e5 Bd4 36.Kf3 Bg1
37.Bd3 Bd4 38.Qe4 Qe6 39.Kg2 Qg4 40.Be2 Qd7 41.Bc4 Bc3 42.Bd5 Bd4 43.e6 fxe6
44.Bxe6 Qe7 45.Qd5 Kf6 46.f5 Kg7 47.fxg6 Kxg6 48.Qf5+ Kg7 49.Kf3 Qf6 50.Ke4 Qxf5+
51.Bxf5 Bf2 52.Kf4 Kh6 53.Bd7 Be1 54.Be8 Bf2 55.g4 hxg4 56.Kxg4 Bd4 57.Kf5 Bf2
58.h5 Bg1 59.Bg6 Bf2 60.Ke6 Kg5 61.Kd5 Kh6 62.Kc6 Kg5 63.Kb7 Kh6 64.Kxa7 c4+
65.Ka6 cxb3 66.cxb3 Bc5 67.Kb5 Bf8 68.Kc4 Be7 69.Bf7 Bf8 70.Kd5 Kg7 71.Be6 Kh6
72.Bg4 Be7 73.Bd1 Bf8 74.Kd4 Be7 75.Kd3 Bf8 76.Kc2 Be7 77.Kb2 Bf8 78.a4 bxa3+
79.Ka2  1/2-1/2

[Event "ch-URU"]
[Site "Montevideo URU"]
[Date "2000.04.19"]
[Round "5"]
[White "Pichuaga,J"]
[Black "Carvalho,G"]
[Result "1/2-1/2"]
[WhiteElo "2144"]
[BlackElo "2162"]

1.Nf3 d5 2.g3 Nf6 3.Bg2 Bf5 4.O-O e6 5.d3 Be7 6.Nbd2 h6 7.b3 O-O 8.Bb2 Bh7
9.Re1 c5 10.Ne5 Nc6 11.Nxc6 bxc6 12.Nf3 Nd7 13.e4 Rb8 14.Qd2 Bf6 15.e5 Be7
16.Bc3 Re8 17.Qf4 c4 18.dxc4 Bb4 19.Bxb4 Rxb4 20.Qd2 Rb6 21.Rad1 Qe7 22.cxd5 exd5
23.c4 Be4 24.Nh4 Nc5 25.cxd5 cxd5 26.f3 Bh7 27.Bf1 Rd8 28.Ng2 Ne6 29.Nf4 Qc5+
30.Kg2 Nxf4+ 31.Qxf4 Qa3 32.Rd2 Rb4 33.Qe3 Bf5 34.Bd3 Bxd3 35.Qxd3 Rb6 36.Red1 Rc6
37.Qe2 Rc1 38.e6 fxe6 39.Qxe6+ Kh8 40.Qe2 Rxd1 41.Qxd1 d4 42.Qc2 Qe7 43.Qe4 Qb4
44.Qd3 Qa3 45.Rc2 Qd6 46.h4 Qe5 47.b4 Qd6 48.Rc5 a5 49.Rxa5 Qxb4 50.Ra7 Qb6
51.Ra6 Qb7 52.Ra4 Qb2+ 53.Kh3 Qa1 54.Ra7 h5 55.Kg2 Qb2+ 56.Kh3 Qa1 57.Kg2 Qb2+  1/2-1/2

[Event "zt 1.2"]
[Site "Pula CRO"]
[Date "2000.04.20"]
[Round "9"]
[White "Dizdarevic,E"]
[Black "Lutz,C"]
[Result "1/2-1/2"]
[WhiteElo "2520"]
[BlackElo "2587"]

1.Nf3 d5 2.g3 c6 3.Bg2 Bg4 4.O-O Nd7 5.d4 e6 6.Nbd2 Ngf6 7.Re1 Be7 8.e4 dxe4
9.Nxe4 O-O 10.c3 Qb6 11.Qb3 Nxe4 12.Rxe4  1/2-1/2

[Event "ch-FAI"]
[Site "Oyrabakki FAI"]
[Date "2000.04.21"]
[Round "8"]
[White "Naes,F"]
[Black "Thomsen,T"]
[Result "1/2-1/2"]
[WhiteElo "2257"]
[BlackElo "2169"]

1.Nf3 d5 2.g3 Nf6 3.Bg2 c6 4.O-O Bg4 5.b3 Nbd7 6.Bb2 e6 7.d3 Be7 8.c4 O-O
9.Nbd2 Qc7 10.Rc1 Qa5 11.a3 Qb6 12.Rc2 Rfd8 13.Qa1 Ne8 14.Rb1 Bf6 15.b4 a6
16.a4 Rdc8 17.Bxf6 Nexf6 18.a5 Qd8 19.Rbc1 h6 20.Re1 Qe7 21.Qa4 Qd6 22.h3 Bxf3
23.Bxf3 Ne5 24.Bg2 Rc7 25.Rec1 Rac8 26.Nb3 Ned7 27.Qa3 Rd8 28.Nd2 Rdc8 29.Nb1 Ne5
30.Qb3 Ng6 31.Nc3 Ne7 32.Na4 Nd7 33.e3 d4 34.e4 e5 35.h4 Ng6 36.Bh3 Ngf8
37.Nb6 Rd8 38.Na4 Ne6 39.Rf1 g5 40.hxg5 hxg5 41.f3 Kg7 42.Rh2 Rh8 43.Kg2 Rcc8
44.Rfh1 Rcg8 45.Nb2 c5 46.b5 Rh6 47.Bf5 Rgh8 48.Rxh6 Rxh6 49.Rxh6 Kxh6 50.bxa6 bxa6
51.Qb7 Nef8 52.Na4 Kg7 53.Nb6 Nxb6 54.Qxb6 Qe7 55.Qxa6 g4 56.Qb6 gxf3+ 57.Kxf3 Qg5
58.Qb2 Qe3+ 59.Kg2 Qxd3 60.Qa2 Qc3 61.a6 d3 62.a7 Qc2+ 63.Qxc2 dxc2 64.a8=Q c1=Q
65.Qd5 Qb2+ 66.Kh3 Qd4 67.Kg4 Ng6 68.Bxg6 fxg6  1/2-1/2

[Event "RUS-Team"]
[Site "Smolensk RUS"]
[Date "2000.04.22"]
[Round "8"]
[White "Pigusov,E"]
[Black "Korchnoi,V"]
[Result "1/2-1/2"]
[WhiteElo "2610"]
[BlackElo "2659"]

1.Nf3 d5 2.g3 c5 3.Bg2 Nc6 4.d4 e6 5.O-O Bd7 6.c4 dxc4 7.Na3 cxd4 8.Nxc4 Bc5
9.e3 Nf6 10.Nxd4 Bxd4 11.exd4 O-O 12.b3 Nd5 13.Ba3 Nce7 14.Re1 Bc6 15.Rc1 Rc8
16.Qd2 Rc7 17.Ne5 Re8 18.Bxe7 Rexe7 19.Nxc6 Rxc6 20.Rxc6 bxc6 21.Rc1 Qd6
22.Bxd5 exd5 23.Re1  1/2-1/2

[Event "VI Leonardo Di Bona"]
[Site "Cutro ITA"]
[Date "2000.04.27"]
[Round "1"]
[White "Drasko,M"]
[Black "Borgo,G"]
[Result "0-1"]
[WhiteElo "2520"]
[BlackElo "2382"]

1.Nf3 d5 2.g3 e6 3.Bg2 g6 4.O-O Bg7 5.d4 Ne7 6.Nbd2 O-O 7.e4 b6 8.exd5 exd5
9.Re1 Nbc6 10.Nf1 Bg4 11.c3 Qd7 12.Bf4 h6 13.h4 f6 14.N1h2 Bf5 15.Nd2 g5
16.Be3 Rae8 17.f4 gxh4 18.g4 Bd3 19.Ndf3 Be4 20.f5 Nc8 21.Nxh4 Bxg2 22.Kxg2 Re4
23.Ng6 Rfe8 24.Qf3 Nd6 25.Nf4 Nc4 26.Nf1 Nd8 27.b3 Nxe3+ 28.Rxe3 Nf7 29.Rae1 Ng5
30.Qg3 Bf8 31.Nd2 Rxe3 32.Rxe3 Bd6 33.Qe1 Rxe3 34.Qxe3 Bxf4 35.Qxf4 Qe7 36.Kf1 Kg7
37.c4 dxc4 38.bxc4 Kf8 39.Nb3 Ke8 40.d5 Kd7 41.Qd4 Nf3 42.Qf4 Qe1+ 43.Kg2 Qe2+
44.Kg3 Ng5 45.Nd2 Qxd2  0-1

[Event "4NCL"]
[Site "Birmingham ENG"]
[Date "2000.04.29"]
[Round "9"]
[White "Farndon,D"]
[Black "Hanley,C"]
[Result "1/2-1/2"]
[WhiteElo "2253"]
[BlackElo "2231"]

1.Nf3 d5 2.g3 Nf6 3.Bg2 Bg4 4.c4 e6 5.O-O Nbd7 6.b3 Be7 7.Bb2 O-O 8.d3 c5
9.cxd5 exd5 10.d4 Rc8 11.Ne5 Bf5 12.Nxd7 Qxd7 13.dxc5 Rxc5 14.Bd4 Rc6 15.Nc3 Rfc8
16.Nb5 b6 17.Bxf6 Bxf6 18.Nd4 Rc5 19.Qd2 Rc2 20.Nxc2 Rxc2 21.Qxd5 Qxd5 22.Bxd5 Bxa1
23.Rxa1 Rxe2 24.Bc4 Rd2 25.Re1 Kf8 26.a4 a5 27.Kg2 Bd7 28.Kf3 Rc2 29.Bd5 Rd2
30.Bc4 Bc6+ 31.Ke3 Rc2 32.Re2 Rc3+ 33.Kd4 Rf3 34.h4 h6 35.Ke5 Ke7 36.Kd4+ Kd6
37.Rd2 g5 38.hxg5 hxg5 39.Re2 Rf5 40.Rd2 Rf3 41.Be2 Rf5 42.Bc4 Bf3 43.Rb2 Bc6
44.Rd2 f6 45.Re2 Bd5 46.Bxd5 Rxd5+ 47.Kc4 Rc5+ 48.Kd4 Rf5 49.Kc4 Rc5+  1/2-1/2

[Event "Open"]
[Site "Dubai UAE"]
[Date "2000.04.29"]
[Round "2"]
[White "Sofieva,A"]
[Black "Asrian,K"]
[Result "0-1"]
[WhiteElo "2345"]
[BlackElo "2572"]

1.Nf3 d5 2.g3 c6 3.Bg2 Bg4 4.O-O Nd7 5.d3 e6 6.Nbd2 Bd6 7.b3 Ne7 8.Bb2 O-O
9.h3 Bh5 10.Qe1 a5 11.a4 e5 12.e4 d4 13.Nh4 Bb4 14.f4 f6 15.f5 b5 16.g4 Bf7
17.Qe2 bxa4 18.bxa4 Rb8 19.Ndf3 h6 20.Nh2 c5 21.N4f3 c4 22.h4 Nc6 23.g5 cxd3
24.cxd3 Bc3 25.Bxc3 dxc3 26.gxh6 gxh6 27.Ng4 Bh5 28.Nfh2 Kh7 29.Kh1 Rg8 30.Bf3 Nd4
31.Qe3 Bxg4 32.Nxg4 Qf8 33.Rab1 Rb4 34.Nh2 Qf7 35.Rbc1 c2 36.Ng4 Qg7 37.Rg1 Rb1
38.Rxb1 cxb1=Q 39.Rxb1 Nxf3 40.Rb7 Qxg4 41.Rxd7+ Rg7 42.Rxg7+ Kxg7 43.Qa7+ Kh8  0-1

[Event "VI Leonardo Di Bona"]
[Site "Cutro ITA"]
[Date "2000.04.30"]
[Round "4"]
[White "Timoscenko,G"]
[Black "Skembris,S"]
[Result "1/2-1/2"]
[WhiteElo "2519"]
[BlackElo "2481"]

1.Nf3 d5 2.g3 Nf6 3.Bg2 g6 4.O-O Bg7 5.d4 O-O 6.c4 c6 7.Nbd2 Ne4 8.e3 Nxd2
9.Nxd2 dxc4 10.Nxc4 Be6 11.b3 Bd5 12.Bb2 Bxg2 13.Kxg2 Qd5+ 14.Qf3 f5 15.Rac1 Qxf3+
16.Kxf3 Nd7 17.Rfd1 Rac8 18.Ke2 Rfd8 19.f3 Nf6 20.b4 Nd5 21.a3 Rc7 22.Rd3 Rcd7
23.Rcd1 Nb6 24.Na5 e6 25.Ba1 h5 26.h3 Rf7 27.Nb3 Na4 28.Rc1 Rfd7 29.Rdd1 Rf7
30.Rg1 Kh7 31.g4 Bh6 32.f4 Rg8 33.gxh5 gxh5 34.Rxg8 Kxg8 35.Rg1+ Kh7 36.Nc5 Nxc5
37.dxc5 Rd7 38.Be5 Rd5 39.Bd4 Rd8 40.Kd3 Rg8 41.Rxg8 Kxg8 42.Be5 Kf7 43.Kd4 Bf8
44.Bh8 b6 45.a4 bxc5+ 46.bxc5 Be7 47.Kc4 Bh4 48.Kb4 Bf2 49.Bd4 e5 50.Bxe5 Bxe3
51.Bb8 Bd2+ 52.Kc4 a6 53.Bc7 Ke6 54.Bb8 Be3 55.Bc7  1/2-1/2

[Event "57th ch-POL"]
[Site "Plock POL"]
[Date "2000.05.01"]
[Round "4"]
[White "Markowski,T"]
[Black "Urban,K"]
[Result "1-0"]
[WhiteElo "2531"]
[BlackElo "2467"]

1.g3 d5 2.Nf3 g6 3.c4 d4 4.Bg2 Bg7 5.O-O c5 6.d3 Nc6 7.Na3 Nf6 8.Nc2 a5 9.b3 O-O
10.a3 e5 11.Rb1 e4 12.Nfe1 exd3 13.Nxd3 Qe7 14.Bg5 h6 15.Bxf6 Bxf6 16.Nf4 Bg7
17.Nd5 Qd8 18.Ne1 Bf5 19.Nd3 Qd6 20.b4 axb4 21.axb4 cxb4 22.c5 Qd8 23.N5xb4 Qd7
24.Nxc6 bxc6 25.Rb6 Rfc8 26.Nb4 Ra5 27.Bxc6 Qe7 28.Nd3 Bxd3 29.Qxd3 Rxc5
30.Bf3 h5 31.h4 Rc3 32.Qa6 Qd7 33.Kg2 Rc1 34.Rb7 R1c7 35.Rfb1 Rxb7 36.Rxb7 Rc7
37.Rb5 Qe7 38.Qa8+ Kh7 39.Qd5 Rd7 40.Qb3 Rc7 41.Qb1 Kh6 42.Bxh5 gxh5 43.Qf5 Qxe2
44.Rb6+ f6 45.Qf4+ Kg6 46.Qxc7 Qe4+ 47.Kh2 Qf3 48.Kg1 d3 49.Rb7  1-0

[Event "Julian Borowski B"]
[Site "Essen GER"]
[Date "2000.05.04"]
[Round "7"]
[White "Podzielny,KH"]
[Black "Siebrecht,S"]
[Result "1-0"]
[WhiteElo "2506"]
[BlackElo "2373"]

1.Nf3 d5 2.g3 c6 3.b3 Bg4 4.Bg2 Nd7 5.Bb2 Ngf6 6.O-O Qc7 7.c4 e6 8.d3 Bd6
9.Nbd2 O-O 10.Rc1 Rfe8 11.Re1 Rad8 12.Rc2 e5 13.cxd5 Nxd5 14.a3 Bf8 15.Qa1 N5f6
16.Nh4 a6 17.b4 Nb6 18.h3 Bc8 19.Qc1 Qb8 20.Nb3 Na4 21.Ba1 Qa7 22.Nf3 Nd7
23.Rc4 Nab6 24.Re4 f5 25.Rc4 h6 26.e4 Nf6 27.Nc5 Nxc4 28.Qxc4+ Kh7 29.Nxe5 b5
30.Qc2 Bxc5 31.bxc5 fxe4 32.dxe4 Qc7 33.Nxc6 Rd7 34.Bxf6 gxf6 35.e5+ Kh8
36.Qg6 Rf8 37.Qxh6+  1-0

[Event "Julian Borowski B"]
[Site "Essen GER"]
[Date "2000.05.06"]
[Round "9"]
[White "Siebrecht,S"]
[Black "Doettling,F"]
[Result "1/2-1/2"]
[WhiteElo "2373"]
[BlackElo "2477"]

1.Nf3 d5 2.g3 c6 3.b3 Bf5 4.Bb2 e6 5.Bg2 Nf6 6.O-O h6 7.d3 Be7 8.Nbd2 O-O
9.Qe1 Bh7 10.e4 a5 11.Qe2 a4 12.a3 axb3 13.cxb3 Nfd7 14.d4 dxe4 15.Nxe4 Nf6
16.Nxf6+ Bxf6 17.b4 Nd7 18.Ne5 Nb6 19.Rad1 Nd5 20.b5 Bxe5 21.dxe5 Qb6 22.Bxd5 cxd5
23.Bd4 Qa5 24.Bc5 Rfc8 25.Rc1 d4 26.Bxd4 Qxa3 27.Rxc8+ Rxc8 28.b6 Qb3 29.Qe3 Qd5
30.f3 Bc2 31.Rf2 Ba4 32.Kg2 Bc6 33.h4 Rd8 34.Bc5 Qc4 35.Bd6 Ra8 36.Qd2 Ra1
37.Qc2 Qd4 38.Bc5 Qxe5 39.Rd2 Ra8 40.Bd4 Qd5 41.Qc3 Rd8 42.Qe3 Qb5 43.Bc3 Rc8
44.Kf2 Bd5 45.g4 Qb1 46.Kg3 Rc6 47.Bb2 Kh7 48.h5 Rc4 49.Kh2 f6 50.Bxf6 Rc1
51.Bd4 Rh1+ 52.Kg3 Qf1 53.Rf2 Qg1+ 54.Kf4 Qc1 55.Qxc1 Rxc1 56.Ke5 Kg8 57.Kd6 Rd1
58.Ke5 Re1+ 59.Kf4 Rc1 60.Rd2 Kf7 61.Rd3 g6 62.hxg6+  1/2-1/2

[Event "57th ch-POL"]
[Site "Plock POL"]
[Date "2000.05.08"]
[Round "11"]
[White "Urban,K"]
[Black "Kuczynski,R"]
[Result "1/2-1/2"]
[WhiteElo "2467"]
[BlackElo "2451"]

1.Nf3 d5 2.g3 c6 3.Bg2 Bg4 4.d3 Nd7 5.h3 Bh5 6.O-O Ngf6 7.c4 dxc4 8.dxc4 e5
9.Nc3 Bc5 10.Nh4 O-O 11.Na4 Be7 12.Nf5 Bg6 13.Nxe7+ Qxe7 14.Qb3 Rab8 15.Be3 b5
16.cxb5 cxb5 17.Nc3 a6 18.a3 b4 19.Nd5 Nxd5 20.Qxd5 bxa3 21.bxa3 Nb6 22.Qb3 Qe6
23.Qxe6 fxe6 24.Rfc1 Nd5 25.Bc5 Rfd8 26.e4 Nf6 27.Rc4 Be8 28.a4 a5 29.Bf1 Rb2
30.Be3 Rdb8 31.Rc5 Rb1 32.Rxb1 Rxb1 33.Rxa5 Nxe4 34.Ra6 Nc3 35.Rxe6 Bxa4
36.Kg2 Bb5 37.Bxb5 Rxb5 38.Rc6 Nd5 39.Ba7 Nf6 40.Rc5 Rxc5 41.Bxc5 Kf7 42.Kf3 Ke6  1/2-1/2

[Event "ch-NED"]
[Site "Rotterdam NED"]
[Date "2000.05.10"]
[Round "4"]
[White "Van der Sterren,P"]
[Black "De Vreugt,D"]
[Result "0-1"]
[WhiteElo "2526"]
[BlackElo "2498"]

1.Nf3 d5 2.g3 Nf6 3.Bg2 g6 4.b3 Bg7 5.Bb2 O-O 6.O-O Nbd7 7.c4 c6 8.d3 b6
9.Nbd2 Bb7 10.Qc2 Rc8 11.e4 dxe4 12.dxe4 Ng4 13.Bxg7 Kxg7 14.Qc3+ e5 15.c5 Qe7
16.Nc4 Ba6 17.cxb6 axb6 18.Rfd1 Bxc4 19.Qxc4 b5 20.Qc2 b4 21.Rd2 Rc7 22.Rad1 Ra8
23.Rd6 c5 24.R1d2 Ngf6 25.Bh3 Nb8 26.Kg2 Nc6 27.Qd3 Nd4 28.Rb6 c4 29.bxc4 Ra3  0-1

[Event "Israeli League"]
[Site "Ramat Aviv ISR"]
[Date "2000.05.12"]
[Round "11"]
[White "Tsifanskaya,L"]
[Black "Potikha,L"]
[Result "1-0"]
[WhiteElo "2211"]
[BlackElo "2099"]

1.Nf3 d5 2.g3 c6 3.Bg2 Bf5 4.d3 Nf6 5.Nbd2 Nbd7 6.O-O e5 7.Qe1 Bc5 8.e4 dxe4
9.dxe4 Be6 10.h3 h5 11.Ng5 Qe7 12.Nxe6 Qxe6 13.Qe2 h4 14.g4 Nf8 15.Nb3 Bb6
16.a4 N6d7 17.a5 Bc7 18.Be3 Ng6 19.Rfd1 O-O 20.Qf3 Nf4 21.Bxf4 exf4 22.Nd4 Qf6
23.Nf5 Rad8 24.e5 Bxe5 25.a6 g6 26.Nh6+ Kg7 27.g5 Qxg5 28.Ng4 f5 29.Rxd7+ Rxd7
30.Nxe5 Re7 31.Nd3 Re4 32.axb7 Rb8 33.Nc5 Re7 34.Rd1 Rbe8 35.Kh2 Re5 36.Nd7 Re3
37.fxe3 Rxe3 38.Qxe3 fxe3 39.b8=Q e2  1-0

[Event "ch-RUS Women"]
[Site "Elista RUS"]
[Date "2000.05.13"]
[Round "3"]
[White "Bezgodova,S"]
[Black "Chasovnikova,E"]
[Result "0-1"]
[WhiteElo "2268"]
[BlackElo "2185"]

1.Nf3 d5 2.g3 Bg4 3.Bg2 Nd7 4.c4 e6 5.cxd5 exd5 6.Qb3 Nc5 7.Qc2 Nf6 8.O-O Bd6
9.b4 Ncd7 10.b5 O-O 11.Bb2 Re8 12.d3 a6 13.a4 axb5 14.axb5 Rxa1 15.Bxa1 Ne5
16.Nd4 Qd7 17.f4 Ng6 18.e4 dxe4 19.dxe4 b6 20.Nd2 Bh3 21.Bxh3 Qxh3 22.e5 Ng4
23.Nc4 Bc5 24.Qg2 Qxg2+ 25.Kxg2 Ra8 26.h3 Ra2+ 27.Kh1 Nf2+ 28.Kg2 Nd1+ 29.Kf3 Rxa1
30.Nb3 Ra4 31.Nxc5 Rxc4 32.Nd3 Nc3 33.Rc1 Ne4 34.Rxc4 Nd2+ 35.Ke3 Nxc4+ 36.Kd4 Na3
37.f5 Ne7 38.g4 Nxb5+ 39.Kc4 c6 40.e6 fxe6 41.fxe6 Nc7  0-1

[Event "ch-RUS Women"]
[Site "Elista RUS"]
[Date "2000.05.13"]
[Round "3"]
[White "Stjazhkina,O"]
[Black "Mashinskaya,I"]
[Result "1-0"]
[WhiteElo "2319"]
[BlackElo "2381"]

1.Nf3 d5 2.g3 Nf6 3.Bg2 c6 4.O-O Bf5 5.d3 e6 6.Nfd2 h6 7.e4 Bh7 8.Qe2 Be7
9.Nc3 O-O 10.f4 c5 11.Nd1 Nc6 12.c3 Qd7 13.g4 dxe4 14.dxe4 Rfd8 15.Nf2 Ne8
16.Nf3 f5 17.Be3 fxe4 18.Nd2 Nd4 19.Qd1 Qb5 20.Nfxe4 Qd3 21.Bxd4 cxd4 22.Qb3 dxc3
23.bxc3 Qd5 24.Nf6+ Nxf6 25.Bxd5 Rxd5 26.Nf3 Bc5+ 27.Nd4 Be4 28.Rae1 Re8
29.h3  1-0

[Event "Cat IV Women"]
[Site "Banja Dvorovi YUG"]
[Date "2000.05.14"]
[Round "8"]
[White "Rodic Kures,G"]
[Black "Stoisavljevic,S"]
[Result "1/2-1/2"]
[WhiteElo "2045"]
[BlackElo "2088"]

1.Nf3 d5 2.g3 c6 3.Bg2 Bg4 4.O-O Nd7 5.d3 Ngf6 6.Nbd2 e6 7.b3 Be7 8.Bb2 O-O
9.e4 a5 10.a3 b5 11.h3 Bxf3 12.Bxf3 Qb6 13.Qe2 dxe4  1/2-1/2

[Event "ch-IND"]
[Site "Mumbai IND"]
[Date "2000.05.16"]
[Round "2"]
[White "Harikrishna,P"]
[Black "Barua,D"]
[Result "0-1"]
[WhiteElo "2354"]
[BlackElo "2555"]

1.Nf3 d5 2.g3 c6 3.Bg2 Bf5 4.O-O Nd7 5.d3 h6 6.Nbd2 Ngf6 7.b3 a5 8.a3 Bh7
9.Bb2 e6 10.c4 Bc5 11.Bc3 O-O 12.b4 axb4 13.axb4 Bd6 14.e4 e5 15.c5 Bc7 16.Qe2 Re8
17.Nh4 Nf8 18.Rxa8 Qxa8 19.Ra1 Qb8 20.Nb3 Ne6 21.Nf5 b6 22.cxb6 Qxb6 23.Bd2 Qb5
24.Qf3 Bxf5 25.exf5 Ng5 26.Qe2 e4 27.Nc1 Bb6 28.dxe4 Ngxe4 29.Be1 Bd4 30.Ra5 Qb6
31.Qf1 Nxf2 32.Bxf2 Qxb4 33.Ra2 Re1 34.Nd3 Bxf2+ 35.Nxf2 c5 36.h3 c4 37.g4 d4
38.h4 Rxf1+ 39.Bxf1 Qb3 40.Ra8+ Kh7 41.Kg2 Qb7+  0-1

[Event "Open"]
[Site "Pula CRO"]
[Date "2000.05.16"]
[Round "1"]
[White "Sulava,N"]
[Black "Vospernik,A"]
[Result "1/2-1/2"]
[WhiteElo "2486"]
[BlackElo "2168"]

1.Nf3 d5 2.g3 Nf6 3.Bg2 c6 4.O-O g6 5.d4 Bg7 6.Bf4 O-O 7.Qc1 Bf5 8.c4 Nbd7
9.Bh6 Re8 10.Bxg7 Kxg7 11.Nbd2 Be4 12.b3 e5 13.dxe5 Nxe5 14.Nxe5 Rxe5 15.Qb2 Bxg2
16.Qxe5 Bxf1 17.Nxf1 Qd7 18.Rd1 Qe6 19.Qb2 dxc4 20.bxc4 Re8 21.Ne3 b6 22.Rd3 Kg8
23.Qd4 h5 24.Qd6 Kg7 25.Qxe6 Rxe6 26.f3 Re5 27.Ra3 a5 28.Kf2 Nd7 29.Rd3 Nf8
30.Rd8 Ne6 31.Rb8 b5 32.a3 Rc5 33.cxb5 cxb5 34.Rb6  1/2-1/2

[Event "ch-TKM"]
[Site "Ashgabat TKM"]
[Date "2000.05.17"]
[Round "6"]
[White "Kakageldyev,A"]
[Black "Ovezov,A"]
[Result "1-0"]
[WhiteElo "2491"]
[BlackElo "2305"]

1.Nf3 d5 2.g3 g6 3.Bg2 Bg7 4.d4 Bf5 5.O-O c6 6.Nbd2 Nd7 7.c3 h6 8.Nh4 Be6
9.f4 Ngf6 10.f5 gxf5 11.Nxf5 Bxf5 12.Rxf5 h5 13.e4 dxe4 14.Nxe4 h4 15.Qe2 Nxe4
16.Qxe4 hxg3 17.hxg3 Nf6 18.Qf3 Qd7 19.Bg5 O-O-O 20.Rf1 Rdg8 21.Bh4 Kb8 22.Rf2 Ka8
23.b4 Rc8 24.a4 Qe6 25.b5 Rhd8 26.bxc6 bxc6 27.Rc5 Rd6 28.Re2 Qd7 29.Kh1 Nd5
30.Qxf7 Bf6 31.Bxf6 Rxf6 32.Qh5 Qd6 33.Qe5 Qd7 34.Kg1 Rd6 35.a5 e6 36.Rf2 Rb8
37.a6 Rb1+ 38.Rf1 Rxf1+ 39.Kxf1 Kb8 40.Kg1 Kc7 41.c4 Nb4 42.Bxc6 Nxc6 43.d5 Kb6
44.Qxd6  1-0

[Event "Capablanca Mem Premier I"]
[Site "Varadero CUB"]
[Date "2000.05.17"]
[Round "9"]
[White "Fiorito,F"]
[Black "Perez,Rod"]
[Result "1-0"]
[WhiteElo "2459"]
[BlackElo "2472"]

1.Nf3 d5 2.g3 Nf6 3.Bg2 e6 4.O-O Be7 5.d3 O-O 6.Nbd2 c5 7.e4 Nc6 8.Re1 b5
9.e5 Nd7 10.Nf1 a5 11.h4 b4 12.Bf4 Ba6 13.a4 bxa3 14.bxa3 Rb8 15.N1h2 a4
16.h5 Rb6 17.Bf1 Nd4 18.Nxd4 cxd4 19.Qg4 Kh8 20.Nf3 Qc7 21.Nxd4 Qc5 22.Nf3 Qxc2
23.Be3 Rb7 24.Bg5 Bxg5 25.Qxg5 Qc7 26.Rec1 Qd8 27.Qg4 Qe7 28.Qd4 Kg8 29.Rc6 Bb5
30.Rc2 f6 31.exf6 Rxf6 32.Bg2 Qf8 33.Rb1 Rb8 34.Ne5  1-0